Cartoon Houses by Picture Quiz Stats

Quiz Updated Sep 8, 2014

Also try: Cartoon Schools
Challenge
Share
Tweet
Score 0/16 Timer 05:00
18 Plays Today
% Correct
SpongeBob Squarepants
98.1%
The Simpsons
94.4%
The Flintstones
93%
Family Guy
91.1%
The Jetsons
88.7%
American Dad!
83.2%
South Park
83.1%
Futurama
76.7%
% Correct
The Smurfs
69.1%
Rugrats
52.5%
The Fairly OddParents
45.6%
Courage the Cowardly Dog
44.6%
The Powerpuff Girls
40.1%
Adventure Time
28.9%
Aqua Teen Hunger Force
24.8%
Invader Zim
24.3%

You're not logged in!

Compare scores with friends on all Sporcle quizzes.
Join for Free
OR
Log In

You Might Also Like...

Show Comments

Extras

Top Quizzes Today


Score Distribution

Your Account Isn't Verified!

In order to create a playlist on Sporcle, you need to verify the email address you used during registration. Go to your Sporcle Settings to finish the process.

Report this User

Report this user for behavior that violates our Community Guidelines.

Details: